[Event "NOR-ch"]
[Site "NOR"]
[Date "1996.??.??"]
[Round "7"]
[White "Johannessen, Leif Erlend"]
[Black "Heim, Sverre"]
[Result "0-1"]
[WhiteElo "2345"]
[BlackElo "2410"]

1.d4 Nf6 2.Nf3 e6 3.c4 b6 4.a3 Bb7 5.Nc3 d5 6.Qc2 Be7 7.cxd5 exd5 8.Bf4 O-O
9.e3 c5 10.dxc5 bxc5 11.Bd3 d4 12.Ne4 Nbd7 13.O-O Rc8 14.Nfd2 Re8 15.Nc4 Nxe4
16.Bxe4 Bxe4 17.Qxe4 Nb6 18.Qc2 Qd5 19.Nxb6 axb6 20.Rfd1 g5 21.Bg3 Bf6 22.Rac1 Qe6
23.exd4 cxd4 24.Qd3 Rxc1 25.Rxc1 Qe2 26.Qxe2 Rxe2 27.Rb1 d3 28.Kf1 Rxb2 29.Rxb2 Bxb2
30.Bc7 b5 31.Bd6 f5 32.Bb4 f4 33.Ke1 Bd4 34.Kd2 Bxf2 35.Kxd3 Kf7 36.Ke4 Ke6
37.Bf8 Be3 38.Bb4 h5 39.h3 Bc1 40.Bc5 g4 41.hxg4 hxg4 42.Bb4 Kf6 43.Bd6 Kg5
44.Be7+ Kh5 45.Bb4 f3 46.gxf3 g3 47.f4 Kg4 48.f5 g2 49.Bc5 Bxa3 50.Bg1 Bf8
51.f6 b4 52.Kd3 Kf3 53.Bd4 Bd6 54.Bg1 Be5 55.f7 Bd6 56.Bd4 Bf8 57.Bg1 Kf4
58.Kd4 Kf5 59.Kd3 Ke6 60.Ke4 Kxf7 61.Kf3 b3  0-1

[Event "BCF-ch"]
[Site "Nottingham"]
[Date "1996.??.??"]
[Round "11"]
[White "Hebden, Mark"]
[Black "Ward, Christopher"]
[Result "1/2-1/2"]
[WhiteElo "2530"]
[BlackElo "2460"]

1.d4 Nf6 2.Nf3 e6 3.c4 b6 4.a3 Ba6 5.e3 c5 6.Nc3 Be7 7.Bd3 cxd4 8.exd4 d5
9.cxd5 Bxd3 10.Qxd3 Nxd5 11.Qb5+ Qd7 12.Nxd5 exd5 13.Qxd7+ Nxd7 14.Bf4 Rc8
15.O-O f6 16.Rfc1 Kf7 17.Nd2 Rhe8 18.Kf1 Nf8 19.Rxc8 Rxc8 20.Ke2 Ne6 21.Be3 f5
22.f4 Bd6 23.g3 Nf8 24.Kd3 Nd7 25.Rg1 Nf6 26.h3 h5 27.Nf3 Ke6 28.Ne5 Rc7
29.Nf3 Rc8 30.Rg2 Rc7 31.Nh2 Rf7 32.g4 hxg4 33.hxg4 Nxg4 34.Nxg4 fxg4 35.Rxg4 Be7
36.Rg2 Bf6 37.Rc2 Kd7 38.a4 Be7 39.Rh2 Bd6 40.Rh5 Ke6 41.Rg5 Bxf4 42.Bxf4 Rxf4
43.Rxg7 Rf3+ 44.Kc2 Rf7 45.Rg3 a5 46.b4 axb4 47.Kb3 Rf4 48.Rg6+ Kd7  1/2-1/2

[Event "Nussloch"]
[Site "Nussloch"]
[Date "1996.??.??"]
[Round "1"]
[White "Lobron, Eric"]
[Black "Dautov, Rustem"]
[Result "0-1"]
[WhiteElo "2590"]
[BlackElo "2615"]

1.d4 Nf6 2.Nf3 e6 3.c4 b6 4.a3 Bb7 5.Nc3 d5 6.Qc2 Be7 7.cxd5 exd5 8.g3 O-O
9.Bh3 c5 10.O-O Nbd7 11.Bf4 Ne4 12.Rad1 Ndf6 13.Nxe4 Nxe4 14.dxc5 bxc5 15.Ne5 Nf6
16.Bg5 Ne4 17.Bf4 Nf6 18.Bg2 Qb6 19.Bg5 Rfd8 20.Rd2 h6 21.Bxf6 Bxf6 22.Nd3 Rac8
23.e3 c4 24.Nf4 d4 25.Bxb7 Qxb7 26.exd4 Rxd4 27.Re2 g6 28.Rfe1 Kg7 29.Ng2 h5
30.h3 Rd6 31.Nf4 Rb6 32.Rb1 c3 33.b4 a5 34.Re4 Rd8 35.Rbe1 axb4 36.axb4 Rxb4
37.Rxb4 Qxb4 38.Re4 Qb2 39.Re2 Rd2  0-1

[Event "Nussloch m"]
[Site "Nussloch"]
[Date "1996.??.??"]
[Round "2"]
[White "Lobron, Eric"]
[Black "Karpov, Anatoly"]
[Result "0-1"]
[WhiteElo "2590"]
[BlackElo "2770"]

1.d4 Nf6 2.c4 e6 3.Nf3 b6 4.a3 Bb7 5.Nc3 d5 6.cxd5 Nxd5 7.e3 g6 8.Bb5+ c6
9.Bd3 Bg7 10.Na4 Nd7 11.e4 Ne7 12.O-O e5 13.dxe5 Nxe5 14.Nxe5 Bxe5 15.Nc3 Qd6
16.Bc4 Bxh2+ 17.Kh1 Qxd1 18.Rxd1 Be5 19.Bh6 Ng8 20.Be3 Nf6 21.Bd4 Ng4 22.f4 Bxd4
23.Rxd4 Ke7 24.Kg1 Rad8 25.Rad1 f6 26.Be2 Ne3 27.R1d2 c5 28.R4d3 Rxd3 29.Rxd3 Nc2
30.Rd2 Nd4 31.Bc4 Rd8 32.Kf2 Bc6 33.b4 cxb4 34.axb4 Ne6 35.Rxd8 Nxd8 36.b5 Bb7
37.Nd5+ Bxd5 38.Bxd5 Kd6 39.Bg8 h6 40.Ke3 Kc5 41.e5 fxe5 42.fxe5 Kxb5 43.Bh7 Nc6
44.Ke4 Kc5 45.e6 Ne7 46.Ke5 a5  0-1

[Event "Nussloch"]
[Site "Nussloch"]
[Date "1996.??.??"]
[Round "7"]
[White "Piket, Jeroen"]
[Black "Dautov, Rustem"]
[Result "1/2-1/2"]
[WhiteElo "2570"]
[BlackElo "2615"]

1.d4 Nf6 2.c4 e6 3.Nf3 b6 4.a3 Bb7 5.Nc3 d5 6.Qc2 c5 7.cxd5 cxd4 8.Nxd4 Nxd5
9.e4 Nxc3 10.Qxc3 Nd7 11.Be3 Rc8 12.Qd2 Be7 13.Rd1 a6 14.Be2 Ne5 15.O-O O-O
16.f3 Nc4 17.Bxc4 Rxc4 18.Rc1 Rxc1 19.Rxc1 Bf6 20.b4 Qd7 21.Nb3 Qa4 22.Qa2 Qb5
23.Rc7 Rb8 24.Qd2 h6 25.Nd4 Qe8 26.Ne2 Be5 27.Rc2 Bc6 28.Bd4 Rd8 29.Qe3 Ba4
30.Rd2 Bc7 31.Qc3 Qe7 32.Be3 Rxd2 33.Qxd2 Qd7 34.Qxd7 Bxd7 35.Bf4 Bd8 36.Bd6 Bf6
37.e5 Bd8 38.Kf2 h5 39.Ke3 Kh7 40.g3 g5 41.Nc3 Kg6 42.Ne4 Bc6  1/2-1/2

[Event "Nussloch"]
[Site "Nussloch"]
[Date "1996.??.??"]
[Round "11"]
[White "Piket, Jeroen"]
[Black "Lobron, Eric"]
[Result "1/2-1/2"]
[WhiteElo "2570"]
[BlackElo "2590"]

1.d4 Nf6 2.c4 e6 3.Nf3 b6 4.a3 Bb7 5.Nc3 g6 6.Bg5 Bg7 7.Qc2 h6 8.Bxf6 Qxf6
9.e3 O-O 10.Be2 d6 11.O-O Nd7 12.Rad1 Qe7 13.b4 Rfc8 14.Rd2 c5 15.Qb3 cxd4
16.exd4 a6 17.Rfd1 Rc7 18.Na4 Rac8 19.h3 Rb8 20.Ne1 Nf6 21.Nxb6 Bxg2 22.Nxg2 Rxb6
23.Qd3 a5 24.b5 e5 25.dxe5 dxe5 26.Qd8+ Bf8 27.Ne3 Kg7 28.a4 h5 29.Kg2 e4
30.Qa8 Qe5 31.Qxa5 Bc5 32.Rd5 Nxd5 33.Rxd5 Qf4 34.Qd2 Rf6 35.Bd1 Bxe3 36.Qxe3 Qxe3
37.fxe3 Rxc4 38.a5 Rb4 39.a6 Rb2+ 40.Kg3 Kh6 41.h4 Ra2 42.Rd4 Rf1 43.Ra4 Rd2
44.a7 Rdxd1 45.a8=Q Rf3+  1/2-1/2

[Event "Oberwart op"]
[Site "Oberwart"]
[Date "1996.??.??"]
[Round "4"]
[White "Sadler, Matthew"]
[Black "Farago, Ivan"]
[Result "1/2-1/2"]
[WhiteElo "2615"]
[BlackElo "2515"]

1.d4 Nf6 2.c4 e6 3.Nf3 b6 4.a3 Bb7 5.Nc3 d5 6.Qc2 Be7 7.cxd5 Nxd5 8.Bd2 O-O
9.e4 Nxc3 10.Bxc3 Nd7 11.Rd1 c5 12.dxc5 Qc7 13.cxb6 axb6 14.Rd4 Nc5 15.Be2 Rfd8
16.O-O Rxd4 17.Bxd4 Bxe4 18.Qc3 Qf4 19.Be5 Qg4 20.Rd1 Bd5 21.b4 Nd7 22.Bg3 Nf8
23.h3 Bf6 24.Qe3 Qe4 25.Qxe4 Bxe4 26.Bc7 Rxa3 27.Bxb6 Bd5 28.b5 Nd7 29.Be3 Kf8
30.Nd4 Bd8 31.Nc6 Bb6 32.Nb8 Nxb8 33.Bxb6 Nd7 34.Be3 Ke7 35.Rc1 Ra2 36.Bd3 Rb2
37.Rc7 Rb3 38.Be2 Rb2 39.Bd3 Rb3 40.Be2 Rb2 41.Bf1 Rb1 42.f3 Kd6 43.Rc3 Rb3
44.Rxb3 Bxb3 45.Bd3 f5 46.Kf2 Kd5 47.Kg3 Ne5 48.Be2 Bc4 49.Bxc4+ Nxc4 50.Bg1  1/2-1/2

[Event "RUS-chT"]
[Site "Orel"]
[Date "1996.??.??"]
[Round "?"]
[White "Veresagin, Jurij"]
[Black "Tunik, Gennady"]
[Result "1/2-1/2"]
[WhiteElo "2405"]
[BlackElo "2475"]

1.d4 Nf6 2.Nf3 e6 3.c4 b6 4.a3 Ba6 5.e3 d5 6.Nbd2 Be7 7.Bd3 O-O 8.Qc2 c5
9.dxc5 bxc5 10.e4 dxe4 11.Nxe4 Nbd7 12.O-O Bb7 13.Bf4 Nxe4 14.Bxe4 Bxe4 15.Qxe4 Nf6
16.Qb7 Qd7 17.Qxd7 Nxd7 18.Rad1 Nf6 19.Rd3 h6 20.h3 g5 21.Be5 Rfd8 22.Rfd1 Kf8
23.Rxd8+ Rxd8 24.Rxd8+ Bxd8 25.Bb8 a6 26.Kf1 Nd7 27.Bd6+ Be7 28.Bc7 h5 29.Ne5 Nxe5
30.Bxe5 g4 31.hxg4  1/2-1/2

[Event "RUS-chT"]
[Site "Orel"]
[Date "1996.??.??"]
[Round "?"]
[White "Antonenko, Denis"]
[Black "Tunik, Gennady"]
[Result "0-1"]
[WhiteElo "2090"]
[BlackElo "2475"]

1.d4 Nf6 2.Nf3 e6 3.c4 b6 4.a3 Ba6 5.e3 c5 6.dxc5 Bxc5 7.b4 Be7 8.Bb2 O-O
9.Bd3 d6 10.O-O Nbd7 11.Qb3 Bb7 12.Nbd2 Qc7 13.Rac1 Rac8 14.e4 Qb8 15.Ne1 Qa8
16.f3 d5 17.cxd5 Rxc1 18.Bxc1 exd5 19.exd5 Bxd5 20.Bc4 Rc8 21.Bxd5 Qxd5 22.Qxd5 Nxd5
23.Bb2 a5 24.Nb3 axb4 25.axb4 Nxb4 26.Rf2 Bf6 27.Bxf6 Nxf6 28.Rd2 h5 29.Rd4 Nbd5
30.Nd3 Rc2 31.Ne5 Ne3 32.Rd8+ Kh7 33.Rd2 Rxd2 34.Nxd2 Kg8 35.Kf2 Nfd5 36.Ne4 f6
37.Nc6 Nc4 38.Nd4 Kf7 39.h4 Ne5 40.Nd6+ Kf8 41.N6f5 g6 42.Nd6 Ke7 43.N6b5 f5
44.g3 Kd7 45.Kg2 Nc7 46.Nc3 Kd6 47.Nc2 Nd5 48.Nxd5 Kxd5 49.Kf2 Nc4 50.Nb4+ Kc5
51.Nd3+ Kd4 52.Nf4 Ne5 53.Ne6+ Kd3 54.Nc7 Kd2 55.Nb5 Nd3+ 56.Kg2 Ke3 57.Nc3 Kd4
58.Nb5+ Kc5 59.Nc7 b5 60.g4 b4 61.gxf5 gxf5 62.Ne6+ Kc4 63.Ng7 b3 64.Nxf5 b2
65.Ne3+ Kc5 66.Nc2 b1=Q  0-1

[Event "ESP-chT"]
[Site "Oropesa del Mar"]
[Date "1996.??.??"]
[Round "3"]
[White "Cramling, Pia"]
[Black "Karpov, Anatoly"]
[Result "0-1"]
[WhiteElo "2545"]
[BlackElo "2775"]

1.d4 Nf6 2.c4 e6 3.Nf3 b6 4.a3 Bb7 5.Nc3 d5 6.cxd5 Nxd5 7.Qc2 Nxc3 8.bxc3 Nd7
9.e4 c5 10.Bf4 cxd4 11.cxd4 Rc8 12.Qb3 Be7 13.Bd3 Nf6 14.Qb1 O-O 15.Bd2 Ne8
16.O-O Nd6 17.e5 Nf5 18.Bxf5 exf5 19.Qxf5 Bxf3 20.Qxf3 Qxd4 21.Qb7 Qxe5 22.Qxa7 Bc5
23.Rae1 Qd6 24.Bb4 Bxb4 25.axb4 Rc4 26.Rd1 Rd4 27.Rxd4 Qxd4 28.Qe7 Rc8 29.Re1 g6
30.h3 Rc4 31.b5 Kg7 32.Qb7 Qc5 33.Qa6 Qd4 34.Qa2 h5 35.g3 h4 36.gxh4 Qxh4
37.Qb3 Qg5+ 38.Kf1 Rc5 39.Re8 Qf6 40.h4 Qd4 41.Qa3 Kh7 42.Re3 Rxb5 43.Rf3 Rb1+
44.Kg2 Qg4+ 45.Kh2 Qg1+ 46.Kh3 Qh1+ 47.Kg3 Rg1+ 48.Kf4 Qxh4+ 49.Ke3 Qg5+
50.Ke2 Qb5+ 51.Kd2 Qd5+ 52.Rd3 Qg5+ 53.Ke2 Qg4+ 54.Rf3 Qc4+ 55.Rd3 Qe4+ 56.Re3 Qc2+
57.Kf3 Qd1+  0-1

[Event "Pamplona9697"]
[Site "Pamplona"]
[Date "1996.??.??"]
[Round "5"]
[White "Gomez Esteban, Juan Mario"]
[Black "Almasi, Zoltan"]
[Result "1-0"]
[WhiteElo "2495"]
[BlackElo "2655"]

1.d4 Nf6 2.c4 e6 3.Nf3 b6 4.a3 Ba6 5.Qc2 Bb7 6.Nc3 c5 7.e4 cxd4 8.Nxd4 Bc5
9.Nb3 Nc6 10.Bg5 h6 11.Bh4 Nd4 12.Nxd4 Bxd4 13.O-O-O Bxc3 14.Qxc3 Bxe4 15.Rd4 Bf5
16.g4 Bh7 17.Bd3 Bxd3 18.Qxd3 Qc7 19.Rd1 Rc8 20.Kb1 Qxh2 21.Bxf6 gxf6 22.f4 Qg2
23.Rxd7 O-O 24.Qd4 Rc5 25.Qxf6 Qxg4 26.Ka2 Qg7 27.Qh4 Rf5 28.R1d3 Qf6 29.Qg3+ Kh7
30.Rxa7 Rxf4 31.Rd6 Qf5 32.Rxe6 Qxe6 33.Qxf4 b5 34.Rc7 bxc4 35.Rxc4 Rc8 36.Qe4+ Qxe4
37.Rxe4 f5 38.Re6 Rf8 39.b4 f4 40.Re1 f3 41.a4 Kg6 42.Rf1 Rf4 43.Kb3 Kf5
44.a5 Ke6 45.a6 Kd6 46.Rc1 f2 47.a7 Rf3+ 48.Kb2 Rf8 49.b5 Ra8 50.b6 f1=Q
51.Rxf1 Kc6 52.Rf6+ Kb7 53.Rxh6 Rg8 54.Rd6 Ka6 55.Kc3 Rc8+ 56.Kb4 Rh8 57.Kc5 Rc8+
58.Rc6 Rh8 59.a8=Q+ Rxa8 60.Rc7  1-0

[Event "Komercni Banka op"]
[Site "Pardubice"]
[Date "1996.??.??"]
[Round "2"]
[White "Berezovics, Alexander"]
[Black "Chernyshov, Konstantin"]
[Result "1-0"]
[WhiteElo "2360"]
[BlackElo "2470"]

1.d4 Nf6 2.Nf3 e6 3.c4 b6 4.a3 Bb7 5.Nc3 Be7 6.d5 O-O 7.e4 Na6 8.Bd3 Nc5
9.Bc2 a5 10.O-O d6 11.Rb1 e5 12.b4 Ncd7 13.Ba4 Re8 14.Be3 Qc8 15.Bc6 Bxc6
16.dxc6 Nf8 17.Qc2 Ne6 18.h3 Nd8 19.b5 Ne6 20.Kh2 Rb8 21.g3 g6 22.Qe2 Bf8
23.Bg5 Bg7 24.Bxf6 Bxf6 25.Nd5 Qd8 26.Rbe1 Bg7 27.Qd3 h5 28.Kg2 Bh6 29.Kh2 Rc8
30.Kg2 Rf8 31.Kh2 f6 32.Nh4 Kh7 33.f4 Ng7 34.Rf2 exf4 35.gxf4 f5 36.Qg3 g5
37.exf5 Nxf5 38.Nxf5 Rxf5 39.Qd3  1-0

[Event "Komercni Banka op"]
[Site "Pardubice"]
[Date "1996.??.??"]
[Round "7"]
[White "Likavsky, Tomas"]
[Black "Ignatiev, Alexander"]
[Result "1-0"]
[WhiteElo "2305"]
[BlackElo "2150"]

1.d4 Nf6 2.c4 e6 3.Nf3 b6 4.a3 Bb7 5.Nc3 h6 6.d5 exd5 7.cxd5 a6 8.e4 d6 9.Be2 Nbd7
10.b4 Be7 11.O-O O-O 12.Nd4 Re8 13.f4 Bf8 14.Bf3 b5 15.Qd3 Nb6 16.a4 bxa4
17.Nxa4 a5 18.b5 Nfd7 19.Nb3 Qf6 20.Bd2 Ra7 21.Rfc1 Rea8 22.g3 Qd8 23.Bc3 Be7
24.Re1 Qf8 25.h4 Qd8 26.Nxb6 cxb6 27.Nd4 Nc5 28.Qc2 Qc7 29.Nc6 Bxc6 30.dxc6 a4
31.Ra3 Nb3 32.Qb2 d5 33.exd5 Bxa3 34.Qxa3 Rd8 35.d6 Qc8 36.c7 Re8 37.Rxe8+ Qxe8
38.Be5 Nc5 39.Bc6 Qc8 40.Kh2 Kh7 41.d7 Nxd7 42.Qd3+ g6 43.Bxd7  1-0

[Event "Komercni Banka op"]
[Site "Pardubice"]
[Date "1996.??.??"]
[Round "7"]
[White "Korotylev, Alexey"]
[Black "Buturin, Vladimir"]
[Result "1-0"]
[WhiteElo "2435"]
[BlackElo "2445"]

1.d4 Nf6 2.c4 e6 3.Nf3 b6 4.a3 Bb7 5.Nc3 g6 6.Qc2 d6 7.e4 Bg7 8.Be2 O-O 9.O-O Nbd7
10.h3 e5 11.d5 c6 12.Be3 cxd5 13.cxd5 Rc8 14.Nd2 Ne8 15.Rac1 f5 16.f3 Qh4
17.Qa4 Nc5 18.Qxa7 Bh6 19.Bxh6 Qxh6 20.f4 exf4 21.Qxb6 f3 22.Nxf3 Qe3+ 23.Kh1 Nf6
24.exf5 gxf5 25.Qxd6 Nce4 26.Nxe4 Nxe4 27.Qe6+ Kg7 28.Qe5+ Kh6 29.Rxc8 Bxc8
30.Re1 Rg8 31.Qd4 Qf4 32.Bd3 Rxg2 33.Bxe4 fxe4 34.Qxe4 Qxe4 35.Rxe4 Rxb2
36.a4 Ra2 37.Rd4 Bd7 38.Ne5 Bxa4 39.d6 Ra3 40.Kh2 Ra2+ 41.Kg3 Kg5 42.d7  1-0

[Event "Komercni Banka op"]
[Site "Pardubice"]
[Date "1996.??.??"]
[Round "9"]
[White "Khromov, Vladimir V"]
[Black "Ivanov, Timur"]
[Result "1-0"]
[WhiteElo "2240"]
[BlackElo "2370"]

1.Nf3 Nf6 2.d4 e6 3.c4 b6 4.a3 Bb7 5.Nc3 g6 6.Bg5 Bg7 7.Qc2 Bxf3 8.gxf3 Nc6
9.O-O-O e5 10.dxe5 Nxe5 11.f4 Nc6 12.Bh3 O-O 13.Bxd7 Qxd7 14.Rxd7 Nxd7 15.Qa4 Ncb8
16.Nd5 Nc5 17.Qc2 f6 18.Nxc7 fxg5 19.Nxa8 Nc6 20.e3 Rxa8 21.b4 Rc8 22.bxc5 gxf4
23.Qe4 Ne5 24.exf4  1-0

[Event "ARG-ch"]
[Site "Pena City"]
[Date "1996.??.??"]
[Round "11"]
[White "Pereyra Arcija, Diego"]
[Black "Valerga, Diego"]
[Result "1/2-1/2"]
[WhiteElo "2420"]
[BlackElo "2445"]

1.d4 Nf6 2.Nf3 e6 3.c4 b6 4.a3 c5 5.d5 Ba6 6.Qc2 exd5 7.cxd5 g6 8.e4 Bxf1
9.Kxf1 Bg7 10.Bf4 d6 11.h3 O-O 12.Nbd2 Qe7 13.g4 Nbd7 14.Kg2 Ne8 15.Bg5 Bf6
16.Bh6 Bg7 17.Bg5 Bf6 18.Be3 Ne5 19.Ne1 b5 20.f4 Nc4 21.Nxc4 bxc4 22.Nf3 Rb8
23.Rab1 Rb3 24.Rhe1 Nc7 25.Nd2 Nxd5 26.Nxb3 cxb3 27.Qd3 Nxe3+ 28.Qxe3 Qb7
29.Qf3 Bd4 30.e5 Qxf3+ 31.Kxf3 dxe5 32.fxe5 Re8 33.Ke4 Rxe5+ 34.Kd3 Rxe1
35.Rxe1 Bxb2 36.a4 Bd4 37.Re7 b2 38.Kc2 f5 39.gxf5 gxf5 40.Rxa7 f4 41.Re7 f3
42.Re4 f2 43.Rf4  1/2-1/2

[Event "GER-ch U20 qual3"]
[Site "Pinneberg"]
[Date "1996.??.??"]
[Round "3"]
[White "Kipper, Jens"]
[Black "Bunzmann, Dimitrij"]
[Result "0-1"]
[WhiteElo "2220"]
[BlackElo "2275"]

1.d4 Nf6 2.c4 e6 3.Nf3 b6 4.a3 Ba6 5.Qc2 Bb7 6.Nc3 c5 7.e4 cxd4 8.Nxd4 Nc6
9.Nxc6 Bxc6 10.Be2 Qb8 11.f4 Qb7 12.Bf3 Bc5 13.Qd3 a5 14.Rf1 d6 15.Be3 O-O
16.O-O-O Rab8 17.Rf2 Nd7 18.Rfd2 Qa6 19.Kb1 Rbc8 20.Nb5 d5 21.exd5 exd5 22.Bxc5 Nxc5
23.Qc2 dxc4 24.Bxc6 Rxc6 25.Qxc4 Re6 26.Nd6 Qa8 27.f5 Re3 28.Re2 Rxe2 29.Qxe2 Qc6
30.Qd2 Rd8 31.Qe2 Rxd6  0-1

[Event "GER-ch U20 qual3"]
[Site "Pinneberg"]
[Date "1996.??.??"]
[Round "5"]
[White "Kipper, Jens"]
[Black "Breier, Andreas"]
[Result "0-1"]
[WhiteElo "2220"]
[BlackElo "2170"]

1.d4 Nf6 2.c4 e6 3.Nf3 b6 4.a3 Bb7 5.Nc3 d5 6.Bg5 Be7 7.Qa4+ Qd7 8.Qxd7+ Nbxd7
9.Nb5 Kd8 10.cxd5 Nxd5 11.e4 N5f6 12.Bf4 Ne8 13.Bd3 h6 14.O-O-O c6 15.Nc3 Bd6
16.Bxd6 Nxd6 17.e5 Ne8 18.Ne4 Ke7 19.Rhe1 Rc8 20.Kb1 c5 21.Bb5 Bxe4+ 22.Rxe4 Nb8
23.dxc5 Rxc5 24.Bxe8 Rxe8 25.Red4 Rec8 26.b4 R5c7 27.R4d2 Nd7 28.Re1 a5 29.b5 Rc5
30.Rb2 Rd5 31.Re4 Rd1+ 32.Ka2 Rcc1 33.Rd4 Ra1+ 34.Kb3 Nc5+ 35.Kc2 Rac1+  0-1

[Event "Rubinstein mem"]
[Site "Polanica Zdroj"]
[Date "1996.??.??"]
[Round "4"]
[White "Krasenkow, Michal"]
[Black "Hracek, Zbynek"]
[Result "1/2-1/2"]
[WhiteElo "2605"]
[BlackElo "2625"]

1.Nf3 Nf6 2.d4 e6 3.c4 b6 4.a3 Bb7 5.Nc3 d5 6.cxd5 Nxd5 7.Qc2 Nxc3 8.bxc3 c5
9.e4 Nd7 10.Bd3 Qc8 11.Qb1 g6 12.O-O Bg7 13.a4 O-O 14.Bf4 Re8 15.a5 Ba6 16.Rd1 Bxd3
17.Qxd3 c4 18.Qe3 b5 19.a6 Qc6 20.Rdb1 Nf6 21.Re1 Nd7 22.Reb1 Nf6 23.Ne5 Qxe4
24.Rxb5 Qxe3 25.Bxe3 Nd5 26.Bd2 Bxe5 27.dxe5 Rec8 28.g4 Rc6 29.Rb7 Nc7 30.Bh6 Nxa6
31.Rd7 Rc7 32.Rd4 Nc5 33.Rxc4 Nb3 34.Rxc7 Nxa1 35.c4 a5 36.c5 Nc2 37.c6 Nb4
38.Bd2 h5 39.gxh5 gxh5 40.Bxb4 axb4 41.Rb7 Rc8 42.Rxb4 Rxc6 43.Rh4 Rc5 44.Rxh5 f6
45.Rh6 Rxe5 46.Rxf6 Rg5+ 47.Kh1 e5 48.Rf3 Rh5 49.Kg2 Kg7 50.Kg3 Kg6 51.h4 Rh8
52.Kg4 Ra8 53.h5+ Kg7 54.Rf5 e4 55.Kg5 Ra1 56.Kf4 Re1 57.Re5 Re2 58.Kg3 Kh6  1/2-1/2

[Event "Polanica Zdroj op"]
[Site "Polanica Zdroj"]
[Date "1996.??.??"]
[Round "10"]
[White "Michalski, Olaf"]
[Black "Kislov, Sergey"]
[Result "1-0"]
[WhiteElo "2305"]
[BlackElo "2335"]

1.d4 Nf6 2.c4 e6 3.Nf3 b6 4.a3 Bb7 5.Nc3 g6 6.d5 Bg7 7.g3 O-O 8.Bg2 d6 9.O-O e5
10.e4 Nbd7 11.b4 h6 12.Bb2 Nh5 13.Nd2 a6 14.Na4 Qe8 15.c5 bxc5 16.bxc5 Bc8
17.cxd6 cxd6 18.Nc4 Qe7 19.Na5 Qe8 20.Nc4 Qe7 21.Bc3 Nhf6 22.Na5 Ne8 23.Nc6 Qg5
24.h4 Qf6 25.f4  1-0

[Event "Portoroz"]
[Site "Portoroz"]
[Date "1996.??.??"]
[Round "?"]
[White "Savchenko, Stanislav"]
[Black "Grosar, Aljosa"]
[Result "1/2-1/2"]
[WhiteElo "2585"]
[BlackElo "2470"]

1.d4 Nf6 2.c4 e6 3.Nf3 b6 4.a3 Ba6 5.Qc2 Bb7 6.Nc3 c5 7.e4 cxd4 8.Nxd4 Bc5
9.Nb3 Nc6 10.Bf4 e5 11.Bg5 h6 12.Bh4 Be7 13.f3 O-O 14.Bf2 Ne8 15.Be2 Nc7
16.O-O Ne6 17.Rad1 Bc5 18.Qd2 d6 19.Na1 Qg5 20.Qxg5 hxg5 21.Nc2 Rfd8 22.Rd2 Kf8
23.Rfd1 Bxf2+ 24.Kxf2 Ncd4 25.Nxd4 Nxd4 26.Bf1 Rac8 27.Ne2 Nxe2 28.Bxe2 Ke7
29.Kg3 Rc6 30.h4 gxh4+ 31.Kxh4 Rh8+  1/2-1/2

[Event "Banicky Kahanec"]
[Site "Prievidza"]
[Date "1996.??.??"]
[Round "9"]
[White "Hanko, Pavel"]
[Black "Polak, Tomas"]
[Result "0-1"]
[WhiteElo "2230"]
[BlackElo "2445"]

1.d4 Nf6 2.Nf3 e6 3.c4 b6 4.a3 Bb7 5.Nc3 g6 6.d5 Bg7 7.e4 d6 8.Be2 O-O 9.O-O Nbd7
10.Rb1 Qe7 11.Qc2 c6 12.Re1 Rac8 13.Bf1 a6 14.Bg5 h6 15.Bh4 g5 16.Bg3 Nh5
17.Rbd1 Nxg3 18.hxg3 Rfd8 19.Qd2 Nf8 20.Nd4 c5 21.Nc2 Rb8 22.f4 Ng6 23.Be2 exd5
24.exd5 gxf4 25.gxf4 Qh4 26.Bd3 Bc8 27.Rf1 Bg4 28.Rde1 Bd7 29.Ne4 f5 30.Nc3 Re8
31.Qf2 Qxf2+ 32.Kxf2 Nxf4 33.Be2 b5 34.cxb5 axb5  0-1

[Event "CRO-Cup"]
[Site "Pula"]
[Date "1996.??.??"]
[Round "?"]
[White "Cebalo, Miso"]
[Black "Zelic, Zdravko"]
[Result "1/2-1/2"]
[WhiteElo "2495"]
[BlackElo "2390"]

1.d4 Nf6 2.Nf3 e6 3.c4 b6 4.a3 Ba6 5.e3 Be7 6.Bd3 O-O 7.O-O c5 8.b3 d5 9.Bb2 cxd4
10.exd4 Nbd7 11.Qe2 Rc8 12.Nbd2 Qc7 13.Rac1 dxc4 14.bxc4 Rfe8 15.Rfe1 Bb7
16.Bb1 Bf8 17.Ng5 Qf4 18.Nge4 Nxe4 19.Nxe4 Bxe4 20.Bxe4 g6 21.Bb7 Rc7 22.g3 Qd6
23.Qf3 Bg7 24.a4 Rb8 25.Be4 Rbc8 26.Bb7 Rb8 27.Be4 Rbc8 28.Bb7 Rb8  1/2-1/2

[Event "CRO-Cup"]
[Site "Pula"]
[Date "1996.??.??"]
[Round "?"]
[White "Bilobrk, Franjo"]
[Black "Mravunac, Branko"]
[Result "1-0"]
[WhiteElo "2355"]
[BlackElo "2160"]

1.d4 Nf6 2.c4 e6 3.Nf3 b6 4.a3 Bb7 5.Nc3 d5 6.Qc2 dxc4 7.e4 Be7 8.Bxc4 O-O
9.O-O Ba6 10.Bxa6 Nxa6 11.Rd1 c6 12.Bg5 h6 13.Bf4 Nh5 14.Be3 Nf6 15.h3 Qc7
16.Rac1 Rac8 17.b4 Rfd8 18.Qb3 Qb7 19.Nd2 Qb8 20.Nc4 Nd7 21.d5 cxd5 22.exd5 exd5
23.Nxd5 Bh4 24.Bf4 Qa8 25.Nd6 Rxc1 26.Rxc1 Rf8 27.Nf5 Bg5 28.Bxg5 hxg5  1-0

[Event "Pula op"]
[Site "Pula"]
[Date "1996.??.??"]
[Round "?"]
[White "Cebalo, Miso"]
[Black "Fucak, Emilijo"]
[Result "1-0"]
[WhiteElo "2495"]
[BlackElo "2300"]

1.d4 Nf6 2.Nf3 e6 3.c4 b6 4.a3 Bb7 5.Nc3 g6 6.Qc2 Bxf3 7.gxf3 Nc6 8.e3 Bg7
9.f4 O-O 10.Bg2 Rb8 11.Bd2 Ne7 12.O-O-O d5 13.cxd5 exd5 14.Kb1 c6 15.h4 Re8
16.Bh3 c5 17.f5 cxd4 18.exd4 b5 19.fxg6 hxg6 20.Na2 a5 21.f3 Nh5 22.Bg4 Ng3
23.Rhe1 Ngf5 24.h5 Nxd4 25.Qd3 Nef5 26.Rxe8+ Qxe8 27.hxg6 fxg6 28.Bxa5 Qc6
29.Bc3 Rd8 30.Nb4 Qc4 31.Bxf5 Nxf5 32.Qxc4 bxc4 33.Rxd5 Rf8 34.Bxg7 Kxg7
35.a4 Nh4 36.a5 Nxf3 37.a6 Ra8 38.Kc2 Kf6 39.Kc3 g5 40.Kxc4 g4 41.Ra5 g3
42.Nd5+ Ke5 43.Nc3+ Ke6 44.Ne2 Ne5+ 45.Kb3 Nc6 46.Ra4 g2 47.Nf4+ Kd6 48.Nxg2 Nb8
49.Ne3 Rxa6 50.Rh4 Nc6 51.Kc3 Ra1 52.Nc4+ Kc7 53.Rh7+ Kb8 54.Nd6 Rd1 55.Nb5 Rc1+
56.Kb3 Rc5 57.Nc3 Rg5 58.Kc4 Na5+ 59.Kd3 Nc6 60.Ne4 Rd5+ 61.Kc3 Re5 62.Nd6 Rd5
63.Rb7+ Ka8 64.Rd7 Rc5+ 65.Kb3 Nb8 66.Rh7 Nc6 67.Ne4 Na5+ 68.Ka2 Rb5 69.Nc3 Rb7
70.Rh4 Nc6 71.Ka3 Ra7+ 72.Na4 Rb7 73.Rc4 Ne5 74.Rc3 Nd7 75.Rc6 Kb8 76.b4 Ne5
77.Rc3 Rc7 78.Nc5 Ra7+ 79.Kb3 Nc6 80.b5 Nd4+ 81.Kc4 Nxb5 82.Kxb5 Rh7 83.Na4 Kb7
84.Rg3 Kc7 85.Rg6 Kd7 86.Nb6+ Ke7 87.Nd5+ Kf7 88.Ra6 Rh1 89.Kc5 Rh2 90.Kd4 Rh5
91.Ne3 Rb5 92.Nd5 Kg7 93.Ke5 Rb1 94.Ra7+ Kg6 95.Nf4+ Kh6 96.Ne6  1-0

[Event "Pula op"]
[Site "Pula"]
[Date "1996.??.??"]
[Round "?"]
[White "Lazovic, Gordan"]
[Black "Palac, Mladen"]
[Result "1/2-1/2"]
[WhiteElo "2325"]
[BlackElo "2545"]

1.d4 Nf6 2.c4 e6 3.Nf3 b6 4.a3 Bb7 5.Nc3 d5 6.cxd5 Nxd5 7.Qa4+ Qd7 8.Qc2 Nxc3
9.bxc3 c5 10.e4 Nc6 11.Bd3 cxd4 12.cxd4 Be7 13.Bb2 Rc8 14.Qe2 O-O 15.Rd1 Na5
16.O-O Qa4 17.d5 Nc4 18.Ba1 Rfe8 19.dxe6 fxe6 20.Ne5 Nxe5 21.Bb5 Qa5 22.Bxe5 Bc6
23.Qg4 Bf8 24.Bxc6 Rxc6 25.Qg3 Qxa3 26.Qxa3 Bxa3 27.Ra1 Bf8 28.Rxa7 b5 29.Rb7 b4
30.h4 Rc5 31.Ba1 Rc4 32.Re1 Rec8 33.Kh2 Rc2 34.Bd4 R8c7 35.Rb8 Rd7 36.Rd1 Kf7
37.Ra8 b3 38.Ra7 Rxa7 39.Bxa7 b2 40.Rd7+ Ke8 41.Rb7 Ba3 42.Bd4 g6 43.Kg3 Rd2
44.Be5 Kd8  1/2-1/2

[Event "Recklinghausen"]
[Site "Recklinghausen"]
[Date "1996.??.??"]
[Round "5"]
[White "Khenkin, Igor"]
[Black "Skripchenko, Almira"]
[Result "1-0"]
[WhiteElo "2575"]
[BlackElo "2370"]

1.d4 Nf6 2.c4 e6 3.Nf3 b6 4.a3 Ba6 5.Qc2 Bb7 6.Nc3 c5 7.e4 cxd4 8.Nxd4 Nc6
9.Nxc6 Bxc6 10.Be2 Bc5 11.e5 Ng8 12.Ne4 Qb8 13.f4 a5 14.Nxc5 bxc5 15.Be3 Qb6
16.O-O Ne7 17.b4 axb4 18.axb4 Rxa1 19.Rxa1 Qxb4 20.Rb1 Qa3 21.Rb8+ Nc8 22.Rxc8+ Ke7
23.Bc1  1-0

[Event "ISL-chT"]
[Site "Reykjavik"]
[Date "1996.??.??"]
[Round "?"]
[White "Einarsson, Halldor"]
[Black "Thorhallsson, Gylfi"]
[Result "1-0"]
[WhiteElo "2315"]
[BlackElo "2330"]

1.d4 Nf6 2.c4 e6 3.Nf3 b6 4.a3 Ba6 5.Qc2 c5 6.d5 exd5 7.cxd5 Nxd5 8.Qe4+ Ne7
9.Qxa8 Nec6 10.Ne5 Qc7 11.Bf4 Nxe5 12.Qe4 d6 13.e3 Bb7 14.Qa4+ Bc6 15.Qc2 Be7
16.Nc3 O-O 17.Bxe5 dxe5 18.Bd3 Bxg2 19.Bxh7+ Kh8 20.Rg1 Qc6 21.Be4 Bxe4 22.Qxe4 Qxe4
23.Nxe4 g6 24.O-O-O Kg7 25.Rd5 f6 26.h4 Kf7 27.f4 Nc6 28.Rd7 exf4 29.exf4 Rh8
30.Re1 Kf8 31.Nc3 f5 32.Re6  1-0

[Event "Reykjavik op"]
[Site "Reykjavik"]
[Date "1996.??.??"]
[Round "1"]
[White "Edvardsson, Kristjan"]
[Black "Hjartarson, Johann"]
[Result "0-1"]
[WhiteElo "2190"]
[BlackElo "2570"]

1.d4 Nf6 2.c4 e6 3.Nf3 b6 4.a3 Bb7 5.Nc3 d5 6.cxd5 Nxd5 7.e3 g6 8.Bb5+ c6
9.Bd3 Bg7 10.O-O O-O 11.e4 Nxc3 12.bxc3 c5 13.Be3 cxd4 14.cxd4 Nc6 15.e5 Qd7
16.Be4 Ne7 17.Bxb7 Qxb7 18.Qb3 Rac8 19.Rac1 Rxc1 20.Rxc1 Rc8 21.Qa4 Rxc1+
22.Bxc1 b5 23.Qa5 Nc6 24.Qd2 Qd7 25.h3 h6 26.Bb2 Qd5 27.Qc3 Bf8 28.Nd2 b4
29.axb4 Bxb4 30.Qc1 Nxe5 31.Qc8+ Kg7 32.Nf1 Nd3 33.Qc2 Ne1  0-1

[Event "Reykjavik op"]
[Site "Reykjavik"]
[Date "1996.??.??"]
[Round "3"]
[White "Thorsson, Olafur"]
[Black "Ulfarsson, Magnus Orn"]
[Result "0-1"]
[WhiteElo "2160"]
[BlackElo "2290"]

1.d4 Nf6 2.c4 e6 3.Nf3 b6 4.a3 Ba6 5.e3 d5 6.Nbd2 Bb7 7.cxd5 exd5 8.Bb5+ Nfd7
9.Ne5 c6 10.Bd3 Nxe5 11.dxe5 Nd7 12.e6 fxe6 13.Qh5+ Ke7 14.e4 Nf6 15.Qh4 dxe4
16.Nxe4 Qxd3 17.Bg5 Ba6 18.Bxf6+ Kf7 19.Qh5+ g6 20.Qg4 h5 21.Qf3 Qxf3 22.gxf3 Bg7
23.Bxg7 Kxg7 24.O-O-O Rad8 25.Ng5 Bc4 26.Rde1 Rde8 27.Rhg1 Rhf8 28.Re5 Rf5
29.Rxf5 exf5 30.Nh3 Kf6 31.Nf4 Bf7 32.h4 Rd8 33.Nh3 Rd4 34.f4 a5 35.Rd1 Rc4+
36.Kd2 Bd5 37.Ke3 Rc2 38.Rd2 Rc5 39.Ng5 Rb5 40.Nh7+ Ke7 41.Kd4 Kd6 42.Nf6 Rc5
43.Ne8+ Kd7 44.Nf6+ Ke7 45.b4 axb4 46.axb4  0-1